000 00316nam a2200133Ia 4500
008 191201s2005 xx 000 0 und d
082 _a677.02864
_bSSF
100 _aSSMITT
245 0 _aFabric Manufacture III
260 _aN.Delhi
_bS S M I T T
_c2005
300 _a154
650 _aB.Tech(TE)
942 _2ddc
_cBK
_06
999 _c2241
_d2241